| 000 | 01096cam a2200229 4500 | ||
|---|---|---|---|
| 001 | ABS61434 | ||
| 008 | 000000n1999 000 0 eng u | ||
| 035 | _a(Sirsi) u100550 | ||
| 100 | _aMurphy, G. | ||
| 245 | 4 | _aThe RICS publishes important guidance notes for agents | |
| 260 | _c1999 | ||
| 490 |
_aCSM (Chartered Surveyor Monthly) _v8(1/12) July/August 1999, 24-25; 9(1) September 1999, 22-23(4) |
||
| 520 | _aDiscusses the RICS "Manual of estate agency law and practice", which may become know as the "Blue Book". The first part of two articles explains the key areas of the law summarised in the Blue Book. The second article reviews the best practice procedures suggested in the 'Manual of estate agency law and practice' . It includes guidance on how to maintain good standards of professional competence. | ||
| 590 | _aABS | ||
| 650 | _aESTATE AGENTS ACT 1979 | ||
| 650 | _aGOOD PRACTICE | ||
| 650 | _aRICS MANUAL OF ESTATE AGENCY LAW AND PRACTICE | ||
| 650 | _aRICS | ||
| 690 | _aMANAGEMENT-BUSINESS MANAGEMENT-PROFESSIONAL PRACTICE | ||
| 700 | _aTugwell, A. | ||
| 942 | _n0 | ||
| 999 |
_c60149 _d60149 |
||